Traduction Français/Anglais voc spé : II.3. Sport - Statistiques

Statistiques générales
  • Ce quiz a été pris 4 fois
  • Le résultat moyen est 3 sur 50
Statistiques - réponses
Hint Réponse % Correct
un but a goal
100%
la boxe boxing
100%
le surf surfing
100%
les sports d'hiver winter sports
100%
un coup franc a free kick
50%
un filet a net
50%
un transfert a transfer
50%
la mi-temps half-time
50%
les arts martiaux martial arts
50%
un ailier a winger
33%
un revers a backhand
0%
une interdiction a ban
0%
un virage a bend
0%
un boxeur a boxer
0%
un pot de vin a bribe
0%
l'abus abuse
0%
un tricheur a cheat
0%
une transformation a conversion
0%
un corner a corner kick
0%
un cycliste a cyclist/ a rider
0%
un drop a drop-goal
0%
un cachet a fee
0%
une barrière, une clôture a fence
0%
une amende a fine
0%
un demi d'ouverture a fly half
0%
un coup droit a forehand
0%
un avant a forward
0%
une faute a foul
0%
un arrière a fullback
0%
un gardien a goalkeeper
0%
un(e) médaillé(e) d'or a gold medallist
0%
un terrain de golf a golf course
0%
un golfeur a golfer
0%
un Grand Prix a Grand Prix
0%
une tête a header
0%
un poids lourd a heavyweight
0%
une prise a hold
0%
un trou a hole
0%
un crochet a hook
0%
un talonneur a hooker
0%
un voyou, un vandale a hooligan
0%
un poids léger a lightweight
0%
une touche a line-out
0%
un arbitre de touche a linesman
0%
le ski alpin Alpine skiing
0%
un appât a lure
0%
un poids moyen a middleweight
0%
les amphétamines amphetamines
0%
les anabolisants anabolic steroids
0%
un alpiniste an alpinist/ a climber
0%
un hymne national a national anthem
0%
une remise de médailles an awards ceremony
0%
une épreuve an event
0%
un piolet an ice axe
0%
une blessure an injury
0%
un uppercut an uppercut
0%
une passe a pass
0%
un penalty a penalty kick
0%
une pénalité a penalty kick
0%
un prix a prize
0%
un pilier a prop
0%
un coup a punch
0%
un cheval de course a racehorse
0%
une voiture de course a racing car
0%
une raquette a racket
0%
une course de relais a relay
0%
une corde a rope
0%
une mêlée ouverte a ruck
0%
une mêlée a scrum
0%
un demi de mêlée a scrum half
0%
un service a serve / a service
0%
un tir a shot
0%
un patineur a skater
0%
une patinoire a skating rink / an ice rink
0%
un ski a ski
0%
un skieur a skier
0%
une piste a ski run
0%
un slalom a slalom
0%
une luge a sledge
0%
une voiture de sport a sports car
0%
une étape a stage
0%
une débandade a stampede
0%
une grille de départ a starting grid
0%
un bâton a stick, a pole
0%
un direct a straight
0%
une foulée a stride
0%
un buteur a striker
0%
une planche de surf a surfboard
0%
un(e) nageur(se) a swimmer
0%
un plaquage a tackle
0%
l'athlétisme athletics
0%
un pur-sang a thoroughbred
0%
un trois-quarts a three-quarter
0%
un contre la montre a timed trial
0%
un drame a tragedy
0%
un essai a try
0%
une volée a volley
0%
un avertissement a warning
0%
un ailier a winger
0%
un catcheur a wrestler
0%
le dos crawlé backstroke
0%
la brasse breast stroke
0%
la corruption bribery
0%
la brasse papillon butterfly stroke
0%
la télévision en circuit fermé CCTV
0%
le chauvinisme chauvinism
0%
le crawl crawl
0%
le ski de fond cross-country skiing
0%
le contrôle des foules crowd control
0%
le cyclisme cycling
0%
la disgrâce disgrace
0%
le dopage doping
0%
le double doubles
0%
la descente downhill
0%
l'exclusion exclusion
0%
l'escrime fencing
0%
le patinage artistique figure skating
0%
l'aviation flying
0%
le football football/ soccer
0%
la formule 1 formula 1
0%
la nage libre free style
0%
le vol à voile gliding
0%
le golf golf
0%
les hormones de croissance growth hormones
0%
la gymnastique gymnastics
0%
le deltaplane hang-gliding
0%
le vandalisme hooliganism
0%
la course hippique horse racing
0%
le hockey sur glace ice hockey
0%
le patinage sur glace ice-skating
0%
le milieu de terrain midfield
0%
la course automobile motor racing
0%
l'alpinisme mountaineering
0%
le ski de fond Nordic skiing
0%
les analgésiques pain killers
0%
la course, les courses racing
0%
l'équitation riding
0%
le rugby rugby football
0%
le jeu à 13 Rugby League
0%
le jeu à 15 Rugby Union
0%
le char à voile sail-carting
0%
le simple singles
0%
le ski skiing
0%
le patinage de vitesse speed skating
0%
le sport et l'argent sport and money
0%
la surveillance surveillance
0%
la natation swimming
0%
le tennis tennis
0%
le 100 mètres plat the 100 metres
0%
le 400 mètres haies the 400 metre hurdles
0%
le disque the discus
0%
les gains the earnings
0%
la ligne d'avants the front row
0%
le green the green
0%
le saut en hauteur the high jump
0%
le pays organisateur the host country
0%
le javelot the javelin
0%
le coup d'envoi the kick-off
0%
le saut en longueur the long jump
0%
les Jeux olympiques the Olympics/ the Olympic Games
0%
la cérémonie d'ouverture (de clôture) the opening (closing) ceremony
0%
le rythme the pace
0%
les stands the pits
0%
la pole position the pole position
0%
le saut à la perche the pole vault
0%
le poids the shot
0%
l'effet the spin
0%
descendre en rappel to abseil
0%
la violence violence
0%
le ski nautique water-skiing
0%
l'haltérophilie weightlifting
0%
la planche à voile windsurfing
0%
le catch wrestling
0%
Aucun quiz correspondant
Distribution des résultats
% des personnes avec chaque résultat
Percentile par nombre de réponses
Votre historique - résultats
Vous n’avez pas pris ce quiz